McOndo / (Registro nro. 10531)

Detalles MARC
000 -LIDER
fixed length control field 00928cam a2200325 i 4500
001 - NÚMERO DE CONTROL
Identificador de número de control 0000436
003 - IDENTIFICACDOR DE NÚMERO DE CONTROL
control field DO-SdBPM
005 - DATE AND TIME OF LATEST TRANSACTION
control field 20241204083008.0
007 - CAMPOS FIJOS DE DESCRIPCIÓN FÍSICA
fixed length control field 0000436
008 - ELEMENTOS DE LONGITUD FIJA
fixed length control field 100514s1996 sp | 000 f spa
015 ## - NÚMERO DENTRO DE LA BIBLIOGRAFÍA NACIONAL
National bibliography number
017 ## - NÚMERO DE REGISTRO DE DERECHOS DE AUTOR
Copyright or legal deposit number
Assigning agency
020 ## - ISBN
International Standard Book Number 8439701357
035 ## - NÚMERO LOCAL
System control number
040 ## - FUENTE DE CATALOGACIÓN
Agencia que crea de manera original el registro DO-SdBPM
Idioma de catalogación spa
Agencia que realiza la transcripción BPMSU
Convenciones de la despripción
080 ## - NÚMERO DE CLASIFICACIÓN DECIMAL UNIVERSAL
Universal Decimal Classification number
082 #4 - NÚMERO DE CLASIFICACIÓN DECIMAL DE DEWEY
Classification number A863.08
Item number M478 1996
Edition number 22
245 00 - MENCIÓN DE TITULO
Título McOndo /
Mención de responsabilidad editores Alberto Fuguet, Sergio Gómez
Medio (Designación general de material)
260 ## - PUBLICACIÓN, DISTRIBUCIÓN, ETC. (PIE DE IMPRENTA)
Lugar de publicación, distribución, etc Barcelona :
Nombre del editor, distribuidor, etc. Mondadori,
Fecha de publicación, distribución, etc 1996.
300 ## - DESCRIPCIÓN FÍSICA
Extensión 262 p. ;
Dimensiones 24 cm
490 0# - MENCIÓN DE SERIES
Mención de serie Literatura Mondadori,
Volume/sequential designation 55
500 ## - NOTA GENERAL
Nota general Incluye datos biográficos de los editores, en la solapa de la cubierta.
590 ## - NOTA LOCAL
Texto de la nota local Inventariado, 2024/VM
650 #4 - ENCABEZAMIENTO DE MATERIA--TEMÁTICO
Término temático o nombre geográfico como elemento de entrada Cuentos latinoamericanos
650 #4 - ENCABEZAMIENTO DE MATERIA--TEMÁTICO
Término temático o nombre geográfico como elemento de entrada Literatura latinoamericana
700 1# - ASIENTO SECUNDARIO -- NOMBRE PERSONAL
Nombre personal Fuguet, Alberto
Mención de responsabilidad editor
700 1# - ASIENTO SECUNDARIO -- NOMBRE PERSONAL
Nombre personal Gómez, Sergio
Mención de responsabilidad editor
910 ## - VALIDACIÓN
Validación VMateo V. Control de calidad. BPMSU
942 ## - ADDED ENTRY ELEMENTS (KOHA)
Source of classification or shelving scheme Dewey Decimal Classification
Koha item type Libros
Existencias
Withdrawn status Lost status Source of classification or shelving scheme Damaged status Not for loan Collection code Home library Current library Date acquired Source of acquisition Total Checkouts Full call number Barcode Date last seen Price effective from Koha item type
    Dewey Decimal Classification     Colección General Biblioteca Pública Metropolitana Salomé Ureña Biblioteca Pública Metropolitana Salomé Ureña 06/23/2016   BPMSU CG A863.08 M478 1996 BPMSU16060419 06/23/2016 06/23/2016 Libros